มุมมองปกติ
มุมมองแบบ MARC
- ผู้นำ
รายการ Topical Term
001 - CONTROL NUMBER
- control field: 10374
003 - CONTROL NUMBER IDENTIFIER
- control field: NALT
005 - DATE AND TIME OF LATEST TRANSACTION
- control field: 20230512074941.0
008 - FIXED-LENGTH DATA ELEMENTS
- fixed length control field: 170719|| aca||babn | a|a d
040 ## - CATALOGING SOURCE
- Original cataloging agency: NALT
150 #4 - HEADING--TOPICAL TERM
- Topical term or geographic name entry element: ผู้นำ
